Diseño, prueba e implementación de un algoritmo de segmentación de posibles células simples
Uloženo v:
| Hlavní autor: | |
|---|---|
| Další autoři: | |
| Médium: | Kniha |
| Jazyk: | Spanish |
| Vydáno: |
[San José, Costa Rica]
2012
|
| Témata: | |
| Tagy: |
Přidat tag
Žádné tagy, Buďte první, kdo vytvoří štítek k tomuto záznamu!
|
MARC
| LEADER | 00000nam a22000007a 4500 | ||
|---|---|---|---|
| 003 | 011695 | ||
| 005 | 20230830102749.0 | ||
| 008 | 151006b2012 cr a|||| |||| 00| ||spa d | ||
| 040 | |c cru CEDI | ||
| 090 | |a TFG 6865 | ||
| 100 | |9 1305 |a Quirós Garro, Michael Esteban, 1987- | ||
| 245 | |a Diseño, prueba e implementación de un algoritmo de segmentación de posibles células simples | ||
| 260 | |a [San José, Costa Rica] |c 2012 | ||
| 300 | |a xix, 104 hojas : ilustraciones | ||
| 500 | |a Proyecto de graduación (bachillerato en ingeniería eléctrica)--Universidad de Costa Rica. Facultad de Ingeniería. Escuela de Ingeniería Eléctrica, | ||
| 501 | |a Profesora Guía de IE-0502 Proyecto Eléctrico: : Dr. Geovanni Martínez Castillo | ||
| 650 | |x PROCESAMIENTO DIGITAL DE IMAGENES |x ALGORITMOS (COMPUTADORAS) |x PROCESAMIENTO DE IMAGENES |x MICROSCOPIA ELECTRONICA |x CELULAS |x CITOLOGIA |9 1318 | ||
| 700 | |9 1063 |a Martínez Castillo, Geovanni Arturo , 1965- |d Director del Proyecto Eléctrico | ||
| 942 | |c CEDI | ||
| 999 | |c 14079 |d 14079 | ||
